000 00595nam a22002057a 4500
003 BCEG
005 20260325123601.0
008 260325s2016 mx|||||| |||| 00| 0 spa d
020 _a9786070282010
040 _aBCEG
_bspa
_cBCEG
082 0 4 _aM860.9
_bC393d
100 1 _aCelorio, Gonzalo,
_d1948-.
245 1 0 _aDel esplendor de la lengua española.
260 _aCiudad de México :
_bTusquets :
_bUniversidad Nacional Autónoma de México,
_c2016.
300 _a190 p.
490 _aMarginales.
541 _aCompra.
650 1 4 _aLiteratura mexicana
_xHistoria y crítica.
942 _cBK
999 _c437135
_d437135